| 000 | 01520nam a2200325 i 4500 | ||
|---|---|---|---|
| 003 | EG-GICUC | ||
| 005 | 20260121101235.0 | ||
| 008 | 251117s2019 ua o|||fr|||| 000 0 ara d | ||
| 017 | _a20194328 | ||
| 020 | _a9789778547405 | ||
| 040 |
_a EG-GICUC _bara _c EG-GICUC _d EG-GICUC _erda |
||
| 041 |
_aara _afr |
||
| 082 | 0 | 4 |
_221 _a341.8 _bأ ح . م |
| 092 | 0 | 4 | _221 |
| 099 | _aLaw1 12 341.8 أ ح . م 1 ed - 2019 | ||
| 100 | 0 |
_aأحمد صادق القشيري _eمؤلف. |
|
| 245 |
_aمفهوم و تطبيقات قانون عبر الدول. _pمحصلة مكتسبات التكوين القضائي في اطار اكاديمية القانون الدولي-مجموعة دراسات مهداة الي استاذي ديبوي وفرنسيسكاكيس / _cأحمد صادق القشيري. _nالمجلد الخامس، |
||
| 264 | 1 |
_aالقاهرة : _bالقشيري و راشد و رياض للمحاماه و الإستشارات القانونية, _c2019. |
|
| 300 |
_a322 صفحة، page 318 ؛ _c27 سم _bصور: |
||
| 336 |
_2rda content _atext |
||
| 337 |
_2rda media _aComputer |
||
| 338 |
_2rda carrier _aOnline Resource |
||
| 504 | _aيحتوي على ارجاعات ببليوجرافية | ||
| 546 | _aالنص موازٍ باللغتين العربية والفرنسية | ||
| 650 | 1 | _aالقانون الدولي الخاص | |
| 650 | 1 | _aالتكوين القضائي | |
| 856 | 4 | 0 | _uhttps://fll.law.cu.edu.eg/fulltext/bks/B12-00174.pdf |
| 905 |
_a75 _eYara |
||
| 942 |
_2ddc _cBK _e21 _n0 |
||
| 999 |
_c43941 _d43941 |
||